| 000 | 00406nam a2200169Ia 4500 | ||
|---|---|---|---|
| 008 | 230524s9999 xx 000 0 und d | ||
| 020 | _a9788120347304 | ||
| 082 |
_a4.16 _bCHA |
||
| 100 | _aSantanu Chattopadhyay | ||
| 245 | 0 | _aEmbedded System Design | |
| 250 | _a3 | ||
| 260 |
_aNew Delhi _bPHI _c2013 |
||
| 300 | _a226p; | ||
| 500 | _aQuantity Number: 14 | ||
| 650 | _aCompter Science | ||
| 942 | _cBK | ||
| 999 |
_c53979 _d53979 |
||